|
|
|
|
| LEADER |
01747nam a2200433 i 4500 |
| 001 |
EBC4786454 |
| 003 |
MiAaPQ |
| 005 |
20200520144314.0 |
| 006 |
m o d | |
| 007 |
cr cnu|||||||| |
| 008 |
170127t20172017enk ob 001 0 eng d |
| 020 |
|
|
|z 9781472935298
|
| 020 |
|
|
|a 9781472935304 (e-book)
|
| 035 |
|
|
|a (MiAaPQ)EBC4786454
|
| 035 |
|
|
|a (Au-PeEL)EBL4786454
|
| 035 |
|
|
|a (CaPaEBR)ebr11330720
|
| 035 |
|
|
|a (CaONFJC)MIL986777
|
| 035 |
|
|
|a (OCoLC)969637468
|
| 040 |
|
|
|a MiAaPQ
|b eng
|e rda
|e pn
|c MiAaPQ
|d MiAaPQ
|
| 050 |
|
4 |
|a HF5416.5
|b .D385 2017
|
| 082 |
0 |
|
|a 658.816
|2 23
|
| 100 |
1 |
|
|a Davies, Mark,
|e author.
|
| 245 |
1 |
0 |
|a Infinite value :
|b accelerating profitable growth through value-based selling /
|c Mark Davies.
|
| 264 |
|
1 |
|a London, England :
|b Bloomsbury Business,
|c 2017.
|
| 264 |
|
4 |
|c 2017
|
| 300 |
|
|
|a 1 online resource (338 pages)
|
| 336 |
|
|
|a text
|2 rdacontent
|
| 337 |
|
|
|a computer
|2 rdamedia
|
| 338 |
|
|
|a online resource
|2 rdacarrier
|
| 504 |
|
|
|a Includes bibliographical references and index.
|
| 588 |
|
|
|a Description based on online resource; title from PDF title page (ebrary, viewed January 27, 2016).
|
| 590 |
|
|
|a Electronic reproduction. Ann Arbor, MI : ProQuest, 2016. Available via World Wide Web. Access may be limited to ProQuest affiliated libraries.
|
| 650 |
|
0 |
|a Pricing.
|
| 650 |
|
0 |
|a Value.
|
| 650 |
|
0 |
|a Selling.
|
| 655 |
|
4 |
|a Electronic books.
|
| 776 |
0 |
8 |
|i Print version:
|a Davies, Mark.
|t Infinite value : accelerating profitable growth through value-based selling.
|d London, England : Bloomsbury Business, c2017
|h xiv, 323 pages
|z 9781472935298
|
| 797 |
2 |
|
|a ProQuest (Firm)
|
| 856 |
4 |
0 |
|u https://ebookcentral.proquest.com/lib/matrademy/detail.action?docID=4786454
|z Click to View
|